| 000 | 00482 a2200169 4500 | ||
|---|---|---|---|
| 003 | Nust | ||
| 005 | 20170207171611.0 | ||
| 040 | _cNust | ||
| 082 | _a005.1 | ||
| 100 | _aJamil, Rafeh. BESE-17 | ||
| 245 |
_aClash of Cars _bA 3D Multiplayer Car Racing Game for Windows 8 Devices. BESE-17 _cRafeh Jamil, Saba Nawaz, Ahmed Jhanzeb. |
||
| 260 |
_aRawalpindi _bMCS _cJune 2015 |
||
| 300 | _avi,142p. | ||
| 538 | _aAlmirah No 72 Shelf No 6 | ||
| 650 | _aUG Projects | ||
| 651 | _aUG CS Projects | ||
| 942 | _cTHS | ||
| 999 |
_c217701 _d217701 |
||